| 000 | 01191nam a2200265Ia 4500 | ||
|---|---|---|---|
| 999 |
_c55983 _d55983 |
||
| 001 | 23082 | ||
| 003 | GE_BSU | ||
| 005 | 20230710110053.0 | ||
| 008 | 181216s1959||||ge |||||||||||||| ||geo|| | ||
| 040 | _cGE_BSU | ||
| 041 | _ageo | ||
| 080 | _a821.133.1-31 ფ-87 | ||
| 100 |
_aფრანსი, ა. _919215 |
||
| 245 |
_aღმერთებს სწყურიათ : _bრომანი / _cა. ფრანსი ; თარგმ. ფრანგ. გ. ქიქოძისა ; რედ. და წინასიტყვაობა გ. გაჩეჩილაძისა. |
||
| 264 |
_aთბილისი : _bსაბჭ. საქართველო, _c1959. |
||
| 300 |
_a243 გვ. ; _c21 სმ. |
||
| 501 | _aდანართი "შენიშვნებში" გვ. 232-243 | ||
| 541 | _h0,92 თ. | ||
| 653 | _aფრანგული რომანი | ||
| 653 | _aღმერთებს სწყურიათ | ||
| 653 | _aრომანი | ||
| 700 |
_aქიქოძე, გ. _eმთარგმნელი _94458 |
||
| 700 |
_aგაჩეჩილაძე, გ. _eრედაქტორი _9397 |
||
| 942 |
_cBK _2udc |
||